000 00545nam a22002057a 4500
003 OSt
005 20160613135005.0
008 160613b xxu||||| |||| 00| 0 eng d
020 _a1903734215
040 _cDLMN.
082 _aWL342P329f 2009.
100 _aEdited by Oeetfield Richard and Dodick,W.David.
_99374
245 _aHeadaches.
250 _a2nd ed.
260 _aOxford.
_bHealth Press.
_c2009.
300 _a103p;
_bcol,ill;
_c20cm.
504 _aincludes references and index.
650 _aPharmacy.
_99375
942 _2z
_cO_SHELF
999 _c4343
_d4343